Dans quel univers apparaît ce combattant à la hache de fiction ? - Statistiques

Statistiques générales
  • Ce quiz a été pris 15 fois
  • Le résultat moyen est 11 sur 16
Statistiques - réponses
Par images Réponse % Correct
Game of Thrones
92%
Marvel
92%
Naruto
92%
One Piece
92%
Demon Slayer
83%
Le Seigneur des Anneaux
83%
Seven Deadly Sins
83%
Vikings
83%
Vinland Saga
83%
Jujutsu Kaisen
75%
Fairy Tail
67%
League of Legends
58%
The Legend of Zelda
50%
Frieren
42%
Yu-Gi-Oh
25%
Kirby
17%
Aucun quiz correspondant
Distribution des résultats
% des personnes avec chaque résultat
Percentile par nombre de réponses
Votre historique - résultats
Vous n’avez pas pris ce quiz